<?xml version="1.0" encoding="UTF-8"?>
<record
    xmlns:xsi="http://www.w3.org/2001/XMLSchema-instance"
    xsi:schemaLocation="http://www.loc.gov/MARC21/slim http://www.loc.gov/standards/marcxml/schema/MARC21slim.xsd"
    xmlns="http://www.loc.gov/MARC21/slim">

  <leader>01205nam a22002891  4500</leader>
  <controlfield tag="001">sa 68020837 </controlfield>
  <controlfield tag="003">DLC</controlfield>
  <controlfield tag="005">20260227112727.0</controlfield>
  <controlfield tag="008">910123m19539999ii            00010 sano </controlfield>
  <datafield tag="010" ind1=" " ind2=" ">
    <subfield code="a">sa 68020837 //r91</subfield>
  </datafield>
  <datafield tag="025" ind1=" " ind2=" ">
    <subfield code="a">I-T-1937</subfield>
  </datafield>
  <datafield tag="040" ind1=" " ind2=" ">
    <subfield code="a">DLC</subfield>
    <subfield code="c">DLC</subfield>
  </datafield>
  <datafield tag="041" ind1="0" ind2=" ">
    <subfield code="a">santam</subfield>
  </datafield>
  <datafield tag="050" ind1="0" ind2="0">
    <subfield code="a">BL1219</subfield>
    <subfield code="b">.S67 1953</subfield>
  </datafield>
  <datafield tag="100" ind1="1" ind2="0">
    <subfield code="a">&#x15A;r&#x12B;niv&#x101;sayya&#x1E45;k&#x101;r, Ki.,</subfield>
    <subfield code="d">1897-1953.</subfield>
  </datafield>
  <datafield tag="245" ind1="1" ind2="0">
    <subfield code="a">Vi&#x1E63;&#x1E47;ucittavijayam.</subfield>
    <subfield code="c">Iyar&#x332;r&#x332;iyavarka&#x1E37; Ki. &#x15A;r&#x12B;niv&#x101;sayya&#x1E45;k&#x101;r Sv&#x101;mi [mar&#x332;r&#x332;um] &#x15A;r&#x12B; Kiru&#x1E63;&#x1E47;asv&#x101;mi Ayya&#x1E45;k&#x101;r.</subfield>
  </datafield>
  <datafield tag="260" ind1="0" ind2=" ">
    <subfield code="a">Tirucci,</subfield>
    <subfield code="b">Ki&#x1E6D;aikkumi&#x1E6D;am S. Kiru&#x1E63;&#x1E47;asv&#x101;mi Ayya&#x1E45;k&#x101;r,</subfield>
    <subfield code="c">[1953-&lt;1980   &gt;]</subfield>
  </datafield>
  <datafield tag="300" ind1=" " ind2=" ">
    <subfield code="a">&lt;v. 1, pts. 1-2; v. 2, pt. 1; in 3   &gt; ;</subfield>
    <subfield code="c">23 cm.</subfield>
  </datafield>
  <datafield tag="500" ind1=" " ind2=" ">
    <subfield code="a">Sanskrit and Tamil; quotations in Sanskrit.</subfield>
  </datafield>
  <datafield tag="500" ind1=" " ind2=" ">
    <subfield code="a">Vols. 1, pt. 2-&lt;v. 2, pt. 1   &gt; prepared by S. Kiru&#x1E63;&#x1E47;asv&#x101;mi Ayya&#x1E45;k&#x101;r.</subfield>
  </datafield>
  <datafield tag="500" ind1=" " ind2=" ">
    <subfield code="a">Vols. 1, pt. 2-&lt;v. 2, pt. 1   &gt; have title: &#x15A;r&#x12B; Vi&#x1E63;&#x1E47;ucitta vijayam.</subfield>
  </datafield>
  <datafield tag="500" ind1=" " ind2=" ">
    <subfield code="a">Vol. 1, pt. 2-&lt;v. 2, pt. 1   &gt;: 2. patippu.</subfield>
  </datafield>
  <datafield tag="500" ind1=" " ind2=" ">
    <subfield code="a">Vol. 2, pt. 2: "&#x15A;r&#x12B; Vai&#x1E63;&#x1E47;ava sutarcan&#x332;am ve&#x1E37;iy&#x12B;&#x1E6D;u."</subfield>
  </datafield>
  <datafield tag="650" ind1=" " ind2="0">
    <subfield code="a">Vishnu (Hindu deity)</subfield>
  </datafield>
  <datafield tag="700" ind1="2" ind2="0">
    <subfield code="a">Krishnaswami Iyengar, Srinivasa,</subfield>
    <subfield code="d">1924-</subfield>
  </datafield>
  <datafield tag="740" ind1="0" ind2="1">
    <subfield code="a">&#x15A;r&#x12B; Vi&#x1E63;&#x1E47;ucitta vijayam.</subfield>
  </datafield>
  <datafield tag="999" ind1=" " ind2=" ">
    <subfield code="c">89603</subfield>
    <subfield code="d">89603</subfield>
  </datafield>
</record>
